00905nam a2200301Ia 4500001000700000003000500007008004100012010001100053040000900064082001600073100006500089245008000154260003000234300001100264440000500275500000500280503000500285650006000290650004600350650004600396901001600442902000600458910000900464942000600473942000700479999001900486952009800505Z_3504CHAP220113s1995 xx 000 0 und d a166618 cCHAP a636.085 R65 aRonda Latinoamericana de Alltech (5 : 1995 : Brasil)9140707 aBiotecnología en la industria de la alimentación animal /cpor ALLTECH aBrasil :bAlltech,c1995 a110 p. a a a aAlimentos y alimentación del ganadoxIndustria 94337 aEnzimas en alimentación animal 9140708 aLevadura en alimentación animal9139292 a636.085 R65 aA a1995 c1 cc1 c166618d166618 00102ddc40708GRALaZbZc1d2017-08-01pz_6911r2022-01-18 00:00:00t1w2022-01-18yLIBRO